[Event "Guillermo Garcia Memorial U16 op 29th"]
[Site "Santa Clara"]
[Date "2022.05.06"]
[Round "5"]
[White "Fernandez Aloma, Ana Laura"]
[Black "Hernandez Gonzalez, Robert Ignaci"]
[Result "1/2-1/2"]
[WhiteElo "1423"]
[BlackElo "1415"]
[PlyCount "99"]
[EventDate "2022.05.02"]
[EventType "swiss"]
[EventRounds "7"]
[EventCountry "CUB"]
[SourceTitle "EXT 2023"]
[Source "ChessBase"]
[SourceDate "2022.10.05"]
[SourceVersion "1"]
[SourceVersionDate "2022.10.05"]
[SourceQuality "1"]

1. e4 c5 2. Nf3 Nc6 3. Bc4 g6 4. Nc3 Bg7 5. d3 e6 6. Be3 b6 7. Qd2 Nge7 8. Bh6 0-0 9. 0-0 Bb7 10. a3 d5 11. exd5 exd5 12. Ba2 Re8 13. Rfe1 Bh8 14. Re2 Qd7 15. Rae1 Nf5 16. Rxe8+ Rxe8 17. Rxe8+ Qxe8 18. Bxd5 Nxh6 19. Qxh6 Bg7 20. Qd2 Qd7 21. Bc4 a6 22. Ng5 Ne5 23. Bb3 h6 24. Nge4 Qg4 25. Kf1 Kh7 26. h3 Qd7 27. Qf4 f5 28. Nd2 g5 29. Qe3 f4 30. Qe2 f3 31. gxf3 Qxh3+ 32. Ke1 Nxf3+ 33. Nxf3 Bxf3 34. Qf1 Qxf1+ 35. Kxf1 Bxc3 36. bxc3 Kg7 37. d4 Kf6 38. Bc4 a5 39. Bd3 cxd4 40. cxd4 Ke6 41. Kg1 Kd5 42. c3 Be4 43. Bxe4+ Kxe4 44. Kg2 h5 45. Kg3 Kd5 46. f3 b5 47. f4 g4 48. f5 a4 49. Kh4 Kd6 50. Kg3 1/2-1/2

[Event "Guillermo Garcia Memorial U16 op 29th"]
[Site "Santa Clara"]
[Date "2022.05.03"]
[Round "2"]
[White "Herrera Benitez, Felipe"]
[Black "Hernandez Gonzalez, Robert Ignaci"]
[Result "1-0"]
[WhiteElo "1691"]
[BlackElo "1415"]
[PlyCount "61"]
[EventDate "2022.05.02"]
[EventType "swiss"]
[EventRounds "7"]
[EventCountry "CUB"]
[SourceTitle "EXT 2023"]
[Source "ChessBase"]
[SourceDate "2022.10.05"]
[SourceVersion "1"]
[SourceVersionDate "2022.10.05"]
[SourceQuality "1"]

1. e4 c5 2. Nf3 Nc6 3. d4 cxd4 4. Nxd4 g6 5. c4 Bg7 6. Be3 Nf6 7. Nc3 0-0 8. Be2 d6 9. 0-0 Bd7 10. f4 Bh8 11. Qd2 Ng4 12. Bxg4 Bxg4 13. Nxc6 bxc6 14. f5 gxf5 15. Bh6 Bf6 16. Bxf8 Qxf8 17. h3 Bh5 18. exf5 Qg7 19. g4 Bxc3 20. Qxc3 f6 21. Kh2 Be8 22. Rae1 Bd7 23. Qe3 Kf8 24. h4 c5 25. g5 Rb8 26. b3 Bc6 27. Rg1 Rd8 28. Qe6 Bd7 29. Qd5 fxg5 30. Rxg5 Qf7 31. f6 1-0